[Event "Campeonato Brasileiro Amador 2015"]
[Site "Esporte Clube Pinheiros, SÃ£o P"]
[Date "2015.05.02"]
[Round "4.16"]
[White "Mendes, Rodrigo Machado"]
[Black "Tomic, Marco Di Pillo"]
[Result "1-0"]
[WhiteElo "1918"]
[BlackElo "2000"]
[PlyCount "116"]
[EventDate "2015.04.30"]

1. e4 c6 2. d4 d5 3. exd5 cxd5 4. Nf3 Nf6 5. Bd3 Bg4 6. O-O e6 7. c3 Nc6 8. Bf4
Bd6 9. Bxd6 Qxd6 10. Nbd2 O-O 11. a4 Rfc8 12. Qb3 Bh5 13. Rfe1 Bg6 14. Bxg6
hxg6 15. Ne5 Rc7 16. Qa3 Qxa3 17. Rxa3 Nxe5 18. Rxe5 Rd8 19. Re1 Rd6 20. Rea1
Nd7 21. Kf1 Kf8 22. Ke2 Ke7 23. Rb3 g5 24. h3 Nb8 25. Nf1 Nc6 26. Ne3 Na5 27.
Rb4 Rd8 28. Kd3 Rdc8 29. Re1 Kd6 30. Rc1 a6 31. c4 dxc4+ 32. Nxc4+ Ke7 33. Rc3
Nc6 34. Rb6 Rd8 35. Na5 Rxd4+ 36. Ke3 Rxa4 37. Nxb7 Ra2 38. Rcxc6 Rxc6 39. Rxc6
Rxb2 40. Rc7+ Kf8 41. Nd6 f5 42. Rf7+ Kg8 43. Re7 Rb3+ 44. Ke2 Rb2+ 45. Ke3
Rb3+ 46. Kd4 Rb2 47. Rxe6 Rxf2 48. Ke5 Rxg2 49. Kxf5 Kh7 50. Ne4 g6+ 51. Rxg6
Kh8 52. Rxa6 Kg8 53. Nxg5 Rg1 54. Kg6 Kf8 55. h4 Re1 56. h5 Re2 57. h6 Re1 58.
h7 Re6+ 1-0

[Event "Campeonato Brasileiro Amador 2015"]
[Site "Esporte Clube Pinheiros, SÃ£o P"]
[Date "2015.05.02"]
[Round "4.17"]
[White "Awoki, Daniel Teidi"]
[Black "Souza, Gustavo Horokoski De"]
[Result "1-0"]
[WhiteElo "1993"]
[BlackElo "1928"]
[PlyCount "105"]
[EventDate "2015.04.30"]

1. e4 e6 2. d4 d5 3. Nd2 c5 4. exd5 Qxd5 5. Ngf3 Nc6 6. Bc4 Qd6 7. Ne4 Qc7 8.
dxc5 Bxc5 9. O-O Be7 10. Qe2 Nf6 11. Rd1 O-O 12. Bg5 Nxe4 13. Qxe4 h6 14. Bf4
Qb6 15. Ne5 Bc5 16. Rd2 Qxb2 17. Rad1 f5 18. Qe2 Qb4 19. Nxc6 bxc6 20. Be5 Qb6
21. Ba1 Kh8 22. Qe5 Rf7 23. Rd8+ Kh7 24. Bxe6 Bxe6 25. Rxa8 Bxf2+ 26. Kh1 Bd5
27. Rf8 Qb7 28. Rxf7 Qxf7 29. Rf1 Bb6 30. Qxf5+ Qxf5 31. Rxf5 Bxa2 32. Rf4 Bd5
33. h4 Bd8 34. h5 a5 35. Rg4 Bg5 36. Bc3 Be6 37. Ra4 Bd8 38. Bxa5 Bxa5 39. Rxa5
Bd5 40. Kh2 Kg8 41. Ra7 Be4 42. c4 Bd3 43. c5 Be4 44. g4 g6 45. hxg6 Bxg6 46.
Rc7 Be4 47. Kg3 Bd5 48. Kh4 Be4 49. Kh5 Bf3 50. Kxh6 Bxg4 51. Rxc6 Kf7 52. Kg5
Bf3 53. Rf6+ 1-0

[Event "Campeonato Brasileiro Amador 2015"]
[Site "Esporte Clube Pinheiros, São "]
[Date "2015.05.02"]
[Round "4.18"]
[White "Tacconi Da Silva, Lucas"]
[Black "Minelli, Fausto"]
[Result "1-0"]
[WhiteElo "1979"]
[BlackElo "1892"]
[PlyCount "95"]
[EventDate "2015.04.30"]

1. d4 d5 2. Nf3 Nf6 3. e3 e6 4. Bd3 g6 5. O-O Bg7 6. b3 O-O 7. Bb2 b6 8. Nbd2
Bb7 9. Qe2 Nbd7 10. e4 dxe4 11. Nxe4 Nxe4 12. Bxe4 Bxe4 13. Qxe4 Nf6 14. Qe2 c6
15. c4 Qc7 16. Rad1 a5 17. a4 Rfd8 18. Rd3 Nh5 19. g3 Rd7 20. Rfd1 Rad8 21. Ne5
Bxe5 22. dxe5 Ng7 23. g4 c5 24. Qe4 Rxd3 25. Rxd3 Rxd3 26. Qxd3 Ne8 27. h3 Qe7
28. Qd2 Qc7 29. Bc3 Qe7 30. Bb2 Qc7 31. f4 Qe7 32. Qd3 Qh4 33. Bc3 Qe7 34. Qd2
Qh4 35. Kg2 Qe7 36. Qd3 Qc7 37. Bd2 Qb7+ 38. Kg1 Qc7 39. Kh2 Qe7 40. Be1 Qc7
41. Bh4 f6 42. Bg3 fxe5 43. fxe5 Qe7 44. Qd2 Kf7 45. h4 Ng7 46. Qd6 Qxd6 47.
exd6 Ke8 48. Be5 1-0

[Event "Campeonato Brasileiro Amador 2015"]
[Site "Esporte Clube Pinheiros, SÃ£o P"]
[Date "2015.05.02"]
[Round "4.19"]
[White "Lima, Eduardo Augusto Fabr"]
[Black "Dias, Joao Batista"]
[Result "0-1"]
[WhiteElo "1975"]
[BlackElo "1824"]
[PlyCount "94"]
[EventDate "2015.04.30"]

1. d4 d5 2. c4 c6 3. Nc3 Nf6 4. Nf3 e6 5. cxd5 exd5 6. g3 Bd6 7. Bg2 Bg4 8. O-O
O-O 9. Ne5 Be6 10. f4 Re8 11. h3 Na6 12. g4 Bc8 13. e3 Nc7 14. g5 Nd7 15. e4 f6
16. Nxd7 Bxd7 17. gxf6 gxf6 18. e5 Bf8 19. f5 fxe5 20. f6 Be6 21. dxe5 Qd7 22.
Kh2 Bf7 23. Bf4 Kh8 24. Qd2 Ne6 25. Bg3 Bb4 26. Be4 Bf8 27. Bf5 Qc7 28. Rae1
Qb6 29. Bxe6 Rxe6 30. Ne2 Bb4 31. Qh6 Bf8 32. Qc1 Bb4 33. Rd1 Rg8 34. a3 Bc5
35. Rde1 Be3 36. Qa1 Bd2 37. Nf4 Qb3 38. Rg1 Rxg3 39. Rxg3 Bxf4 40. Reg1 Rxe5
41. Qf1 Qxb2+ 42. Kh1 Bxg3 43. Rxg3 Re6 44. Rf3 Qd2 45. Qg1 Qe1 46. Rf1 Qe4+
47. Kh2 Rxf6 0-1

[Event "Campeonato Brasileiro Amador 2015"]
[Site "Esporte Clube Pinheiros, SÃ£o P"]
[Date "2015.05.02"]
[Round "4.20"]
[White "Queiroz, Alberto Becker"]
[Black "Pereira, Jorge Luiz Rodrigues"]
[Result "1-0"]
[WhiteElo "2164"]
[BlackElo "1875"]
[PlyCount "43"]
[EventDate "2015.04.30"]

1. Nf3 f5 2. d3 Nf6 3. e4 d6 4. e5 dxe5 5. Nxe5 Nbd7 6. Nxd7 Bxd7 7. d4 e6 8.
Bc4 Bd6 9. Nd2 Qe7 10. Nf3 O-O-O 11. O-O Ne4 12. Qe1 Bc6 13. Ne5 Bxe5 14. dxe5
Bd5 15. Bd3 h6 16. Be3 Kb8 17. f3 Ng5 18. Qf2 b6 19. a4 Nf7 20. a5 Nxe5 21.
axb6 cxb6 22. Bf4 1-0

[Event "Campeonato Brasileiro Amador 2015"]
[Site "Esporte Clube Pinheiros, São P"]
[Date "2015.05.02"]
[Round "4.21"]
[White "De Moura, Sergio Jovelino"]
[Black "De Borba, Guilherme"]
[Result "1-0"]
[WhiteElo "2147"]
[BlackElo "1863"]
[PlyCount "29"]
[EventDate "2015.04.30"]

1. e4 c5 2. Nf3 e6 3. d4 cxd4 4. Nxd4 a6 5. c4 Nf6 6. Nc3 Qc7 7. Bd3 Nc6 8.
Nde2 Ne5 9. O-O Nxc4 10. Bf4 Ne5 11. Rc1 Qb8 12. Na4 b5 13. Bxe5 d6 14. Bxf6
bxa4 15. Bc3 1-0

[Event "Campeonato Brasileiro Amador 2015"]
[Site "Esporte Clube Pinheiros, São P"]
[Date "2015.05.02"]
[Round "4.22"]
[White "Vescovi, Katherine Lemos"]
[Black "Gomez, Gustavo Pizzocaro"]
[Result "1/2-1/2"]
[WhiteElo "1865"]
[BlackElo "2135"]
[PlyCount "83"]
[EventDate "2015.04.30"]

1. Nf3 d5 2. g3 e6 3. Bg2 f5 4. O-O Nf6 5. c4 c6 6. b3 b5 7. Bb2 Bd6 8. Nc3 a6
9. d3 O-O 10. Rc1 Bd7 11. Qd2 Qe7 12. Rfd1 e5 13. cxd5 cxd5 14. d4 e4 15. Ne5
b4 16. Na4 Bxa4 17. bxa4 Nbd7 18. Nc6 Qf7 19. Ne5 Qe8 20. Qg5 Nxe5 21. dxe5
Bxe5 22. Bd4 Bxd4 23. Rxd4 Qxa4 24. Rc7 Rf7 25. Rxf7 Kxf7 26. Qxf5 Qxa2 27.
Rxb4 Re8 28. Bf1 Qa1 29. Rb6 a5 30. e3 a4 31. g4 h6 32. h4 Qd1 33. g5 hxg5 34.
hxg5 Qg4+ 35. Qxg4 Nxg4 36. Ra6 Ne5 37. Be2 Re6 38. Rxa4 Kg6 39. Rd4 Rd6 40.
Rd1 Kxg5 41. Kg2 Nd7 42. f3 1/2-1/2

[Event "Campeonato Brasileiro Amador 2015"]
[Site "Esporte Clube Pinheiros, São P"]
[Date "2015.05.02"]
[Round "4.23"]
[White "Bruce, Shannon Hill"]
[Black "Pedroso, Andre Lucio"]
[Result "1-0"]
[WhiteElo "2111"]
[BlackElo "1850"]
[PlyCount "159"]
[EventDate "2015.04.30"]

1. g3 d5 2. Nf3 Nd7 3. d4 e6 4. c4 c6 5. Bg2 h6 6. O-O Bd6 7. Nfd2 f5 8. e4
dxe4 9. f3 exf3 10. Nxf3 Ne7 11. Nc3 Nf6 12. a3 O-O 13. b4 Bd7 14. Qb3 Rb8 15.
a4 Kh7 16. Ra2 g5 17. Qb1 Ng6 18. Re1 Kh8 19. Rae2 Bc7 20. Bb2 g4 21. Ne5 Nxe5
22. dxe5 Nh7 23. Rd2 Qe7 24. Ne2 Rfd8 25. Bc3 Ng5 26. Nf4 Be8 27. Red1 Rxd2 28.
Rxd2 Rd8 29. Rd6 Kg8 30. c5 Bxd6 31. exd6 Qf7 32. Qe1 Kh7 33. Nd3 Nf3+ 34. Bxf3
gxf3 35. Ne5 Qh5 36. Qf2 Bd7 37. Nxf3 Rf8 38. Qd4 Qg4 39. Qxg4 fxg4 40. Ne5 Rd8
41. Nxg4 h5 42. Ne5 Kg8 43. Bd2 Be8 44. Bg5 Rd7 45. h4 a6 46. Kf2 Kf8 47. Bh6+
Kg8 48. Ke3 Kh7 49. Bf8 Kg8 50. Be7 Rxe7 51. dxe7 Kg7 52. Nc4 Kf6 53. Nd6 Kxe7
54. Nxb7 Bg6 55. Na5 Kd7 56. Nc4 Bf5 57. Kd4 Bg4 58. Ne5+ Ke8 59. Nxc6 Bd1 60.
a5 Ba4 61. Ne5 Ke7 62. Ke4 Bb5 63. Kf4 Kf6 64. Ke4 Ke7 65. Ng6+ Kf6 66. Nf4
Bc6+ 67. Ke3 Be8 68. Ne2 e5 69. Nc3 Bc6 70. Ne4+ Kf5 71. Nd6+ Kg4 72. Kf2 Kh3
73. Nc8 e4 74. Ne7 Bb5 75. c6 Bxc6 76. Nxc6 e3+ 77. Kxe3 Kxg3 78. Nb8 Kxh4 79.
Kf2 Kh3 80. Kg1 1-0

[Event "Campeonato Brasileiro Amador 2015"]
[Site "Esporte Clube Pinheiros, São P"]
[Date "2015.05.02"]
[Round "4.24"]
[White "Nicolini, Paulo Giovanni De A"]
[Black "Schutt, Ricardo De Amorim"]
[Result "1/2-1/2"]
[WhiteElo "1853"]
[BlackElo "2111"]
[PlyCount "79"]
[EventDate "2015.04.30"]

1. e4 c5 2. Nf3 e6 3. d4 cxd4 4. Nxd4 Nf6 5. Nc3 Nc6 6. Ndb5 d6 7. Bf4 e5 8.
Bg5 a6 9. Na3 b5 10. Nd5 Be7 11. Bxf6 Bxf6 12. c4 b4 13. Nc2 a5 14. Be2 O-O 15.
Bg4 Bb7 16. O-O Bg5 17. Qd3 Ne7 18. Nde3 Bxe3 19. Nxe3 Qc7 20. Rfd1 Rfd8 21.
Rac1 Qc5 22. h4 g6 23. h5 Kg7 24. Bf3 Nc6 25. Qd2 Bc8 26. Bg4 f6 27. h6+ Kf7
28. Qd5+ Ke7 29. Qxc5 dxc5 30. Rd5 Bxg4 31. Nxg4 Nd4 32. Kf1 Rac8 33. Ne3 Ne6
34. Rcd1 Ng5 35. Rxd8 Rxd8 36. Nd5+ Kf7 37. f3 Ne6 38. g3 Nd4 39. Kf2 Ke6 40.
g4 1/2-1/2

[Event "Campeonato Brasileiro Amador 2015"]
[Site "Esporte Clube Pinheiros, São P"]
[Date "2015.05.02"]
[Round "4.25"]
[White "Silva, Lucas Henrique Da"]
[Black "Togni, Everton Batista"]
[Result "1-0"]
[WhiteElo "2100"]
[BlackElo "1846"]
[PlyCount "123"]
[EventDate "2015.04.30"]

1. d4 Nf6 2. Bg5 Ne4 3. Bf4 d5 4. e3 e6 5. Bd3 Bd6 6. Ne2 Bxf4 7. Nxf4 Qd6 8.
O-O e5 9. dxe5 Qxe5 10. c4 dxc4 11. Bxe4 Qxe4 12. Nc3 Qe5 13. Qa4+ c6 14. Qxc4
O-O 15. Rfd1 Nd7 16. Rd2 Nf6 17. h3 Bf5 18. Rad1 g5 19. Nfe2 h6 20. Qb4 Rab8
21. Qa4 a6 22. Nd4 Bg6 23. Nf3 Qe7 24. Qb3 Bh5 25. Qb6 g4 26. hxg4 Bxg4 27. Rd6
Bxf3 28. gxf3 Kh7 29. Qd4 Rg8+ 30. Kf1 Rg6 31. e4 Rbg8 32. e5 Nh5 33. Rd7 Qe6
34. Qe4 Kh8 35. Rxb7 Rg1+ 36. Ke2 R1g2 37. Qd4 Ng3+ 38. Kd2 Nf5 39. Qc5 Nh4 40.
Kc2 Nxf3 41. Re7 Qf5+ 42. Kb3 Rb8+ 43. Ka3 Ng5 44. Qd6 Rc8 45. Qxh6+ Qh7 46.
Qxh7+ Kxh7 47. f4 Ne6 48. Rxf7+ Rg7 49. Rf6 Rg6 50. Rh1+ Kg7 51. f5 Rxf6 52.
exf6+ Kxf6 53. fxe6 Kxe6 54. Rd1 Rh8 55. Rd4 Rh5 56. Na4 a5 57. b3 Ke5 58. Rd8
Ke6 59. Nb6 Ke7 60. Rd2 Rb5 61. Nc4 Ke6 62. Rd6+ 1-0

[Event "Campeonato Brasileiro Amador 2015"]
[Site "Esporte Clube Pinheiros, São P"]
[Date "2015.05.02"]
[Round "4.26"]
[White "Casarin, Luis Marcio Pinhatti"]
[Black "Franca, Willian Bento"]
[Result "0-1"]
[WhiteElo "1848"]
[BlackElo "2061"]
[PlyCount "116"]
[EventDate "2015.04.30"]

1. c4 d6 2. Nf3 e5 3. Nc3 f5 4. e4 fxe4 5. Nxe4 Nf6 6. d3 Be7 7. Be2 O-O 8. O-O
Nc6 9. b3 Bf5 10. Ng3 Bg6 11. Bb2 Nh5 12. Nxh5 Bxh5 13. Nxe5 Bxe2 14. Nxc6 Bxd1
15. Nxd8 Bg4 16. Nxb7 a5 17. Rae1 Kf7 18. Bc3 Bf6 19. d4 a4 20. b4 Rfe8 21. Na5
Be2 22. Rc1 Bxf1 23. Kxf1 Re4 24. Nc6 Rae8 25. Re1 Rxe1+ 26. Bxe1 Ke6 27. Na7
Bxd4 28. Nb5 Ke5 29. Nxc7 Rc8 30. f4+ Ke4 31. Nb5 Rc6 32. Ke2 Bg1 33. Bg3 d5
34. c5 d4 35. Nd6+ Kd5 36. Kd3 Rc7 37. f5 Re7 38. Nc4 Kc6 39. Be5 a3 40. Bxd4
Bxd4 41. Kxd4 Kb5 42. Kc3 Ka4 43. Nb6+ Kb5 44. Nd5 Re2 45. Kb3 Rxg2 46. Kxa3
Rxh2 47. Kb3 h5 48. a4+ Kc6 49. Ne7+ Kd7 50. Ng6 h4 51. a5 Kc6 52. Kc4 Rc2+ 53.
Kb3 h3 54. Ne5+ Kb5 55. Nf3 Rc4 56. a6 Rxb4+ 57. Kc3 Ra4 58. Kb3 Rxa6 0-1

[Event "Campeonato Brasileiro Amador 2015"]
[Site "Esporte Clube Pinheiros, São P"]
[Date "2015.05.02"]
[Round "4.28"]
[White "Aoyama, Edmundo"]
[Black "Nunes Jr, Sidney"]
[Result "0-1"]
[WhiteElo "1829"]
[BlackElo "2044"]
[PlyCount "42"]
[EventDate "2015.04.30"]

1. Nf3 d5 2. g3 e6 3. Bg2 c6 4. O-O f5 5. d3 Nf6 6. c4 Bd6 7. Nc3 O-O 8. Qc2 e5
9. c5 Bc7 10. e3 Qe7 11. b4 Nbd7 12. Bb2 e4 13. Nd4 Ne5 14. dxe4 fxe4 15. Bc1
Bg4 16. f4 exf3 17. Nxf3 Nxf3+ 18. Bxf3 Bxf3 19. Rxf3 Ng4 20. Rxf8+ Rxf8 21.
Qd1 Qf6 0-1

[Event "Campeonato Brasileiro Amador 2015"]
[Site "Esporte Clube Pinheiros, São P"]
[Date "2015.05.02"]
[Round "4.29"]
[White "Budde, Vinicius Chemale"]
[Black "Venelli, Luiz Gonzaga"]
[Result "1/2-1/2"]
[WhiteElo "1988"]
[BlackElo "1806"]
[PlyCount "44"]
[EventDate "2015.04.30"]

1. d4 d5 2. Nf3 Nf6 3. g3 Nc6 4. Bg2 Bg4 5. O-O e6 6. c4 Bxf3 7. Bxf3 h5 8. h4
Qd7 9. cxd5 Nxd5 10. Nc3 Nf6 11. e3 O-O-O 12. Qa4 Nd5 13. a3 a6 14. Bd2 Na7 15.
Qd1 g6 16. e4 Nb6 17. Bf4 f6 18. Qc2 Bh6 19. Bxh6 Rxh6 20. Rfd1 Kb8 21. Rac1 g5
22. Qd2 Qg7 1/2-1/2

[Event "Campeonato Brasileiro Amador 2015"]
[Site "Esporte Clube Pinheiros, São P"]
[Date "2015.05.02"]
[Round "4.30"]
[White "Guimaraes, Artemis Pamela"]
[Black "Dibai, Jerry"]
[Result "1-0"]
[WhiteElo "1963"]
[BlackElo "1786"]
[PlyCount "41"]
[EventDate "2015.04.30"]

1. e4 c5 2. Nf3 g6 3. c3 Bg7 4. d4 cxd4 5. cxd4 d5 6. e5 Bg4 7. Nbd2 Nc6 8. Bb5
Nh6 9. O-O O-O 10. Bxc6 bxc6 11. h3 Bxf3 12. Nxf3 e6 13. Bg5 Qc7 14. Qd2 Nf5
15. g4 Ne7 16. Bf6 Kh8 17. Qh6 Bxf6 18. exf6 Nf5 19. gxf5 Rg8 20. Ng5 gxf5 21.
Qxh7# 1-0

[Event "Campeonato Brasileiro Amador 2015"]
[Site "Esporte Clube Pinheiros, São P"]
[Date "2015.05.02"]
[Round "4.31"]
[White "Cordioli, Jairo Ribeiro"]
[Black "Batista, Francisco Klemberg M"]
[Result "1/2-1/2"]
[WhiteElo "1945"]
[BlackElo "1748"]
[PlyCount "127"]
[EventDate "2015.04.30"]

1. d4 Nf6 2. c4 c5 3. d5 e6 4. Nc3 exd5 5. cxd5 d6 6. e4 g6 7. h3 Bg7 8. Nf3
O-O 9. Bd3 Re8 10. O-O Na6 11. Re1 Nc7 12. a4 b6 13. Bg5 a6 14. Qd2 Qd7 15.
Rad1 b5 16. e5 dxe5 17. Bxf6 Bxf6 18. Ne4 Bg7 19. Nxc5 Qxd5 20. Be4 Qxd2 21.
Rxd2 Ra7 22. Bc6 Rf8 23. Nxe5 Ne6 24. Bd7 Nxc5 25. Bxc8 Rxc8 26. axb5 Re7 27.
f4 f6 28. Nf3 Rxe1+ 29. Nxe1 axb5 30. Rc2 f5 31. b4 Rc7 32. bxc5 Rxc5 33. Kf2
Rxc2+ 34. Nxc2 Kf7 35. g4 fxg4 36. hxg4 Ke6 37. Ke3 Kd5 38. Nb4+ Kc4 39. Nd3 b4
40. g5 b3 41. Ke4 Kc3 42. Nc5 b2 43. Na4+ Kd2 44. Nxb2 Bxb2 45. f5 gxf5+ 46.
Kxf5 Ke3 47. Kg4 Kf2 48. Kh5 Bg7 49. Kh4 Kg2 50. Kg4 Bf8 51. Kh4 Kf3 52. Kh3
Bd6 53. Kh4 Kf4 54. Kh3 Kf3 55. Kh4 Kg2 56. Kg4 Kh2 57. Kh4 Bf8 58. Kg4 Be7 59.
Kh5 Bf8 60. Kh4 Kg2 61. Kg4 Kf2 62. Kh3 Bd6 63. Kg4 Ke3 64. g6 1/2-1/2

[Event "Campeonato Brasileiro Amador 2015"]
[Site "Esporte Clube Pinheiros, São P"]
[Date "2015.05.02"]
[Round "4.32"]
[White "Caris, Eduardo"]
[Black "Ikeda, Vinicius Yasuto"]
[Result "1-0"]
[WhiteElo "1813"]
[BlackElo "1944"]
[PlyCount "105"]
[EventDate "2015.04.30"]

1. c4 Nf6 2. g3 e6 3. Bg2 d5 4. cxd5 exd5 5. Nf3 Bd6 6. Nc3 c5 7. d4 c4 8. Bg5
Be6 9. Ne5 Qb6 10. Qa4+ Kf8 11. Qb5 Bb4 12. Qxb6 axb6 13. Bxf6 gxf6 14. Nf3 Nc6
15. Kd2 Ke7 16. e3 Kd6 17. Ne1 Bxc3+ 18. bxc3 Ra6 19. Kc2 b5 20. Kb2 b4 21. Nc2
bxc3+ 22. Kxc3 Rha8 23. Rhb1 R8a7 24. Rb5 Ne7 25. e4 dxe4 26. Bxe4 Nd5+ 27.
Bxd5 Bxd5 28. Rxd5+ Kxd5 29. Nb4+ Ke4 30. Nxa6 Rxa6 31. Rb1 Ra3+ 32. Kxc4 Rxa2
33. f3+ Kf5 34. Rxb7 Rxh2 35. d5 Rc2+ 36. Kd3 Rc1 37. Rxf7 h5 38. Rh7 Kg6 39.
Rh8 Ra1 40. Rc8 Ra3+ 41. Rc3 Ra7 42. Kd4 Kf7 43. Ke4 Kg6 44. d6 f5+ 45. Ke5 Ra8
46. d7 Ra5+ 47. Kd4 Ra4+ 48. Ke3 Ra8 49. Rc8 Ra3+ 50. Kf2 Ra2+ 51. Kg1 Ra1+ 52.
Kg2 Ra2+ 53. Kh3 1-0

[Event "Campeonato Brasileiro Amador 2015"]
[Site "Esporte Clube Pinheiros, São P"]
[Date "2015.05.02"]
[Round "4.33"]
[White "Van Riemsdijk, Felipe Herman"]
[Black "Rocha, Arthur Ferreira"]
[Result "0-1"]
[WhiteElo "1771"]
[BlackElo "1943"]
[PlyCount "102"]
[EventDate "2015.04.30"]

1. e4 c5 2. Nc3 Nc6 3. f4 g6 4. Nf3 Bg7 5. g3 e6 6. Bg2 Nge7 7. d3 d5 8. e5 b6
9. O-O a6 10. Bd2 Qc7 11. a3 O-O 12. Ne2 f6 13. exf6 Bxf6 14. Bc3 d4 15. Bd2 h6
16. c3 Nd5 17. Qb3 Na5 18. Qa2 dxc3 19. Nxc3 Bb7 20. f5 Nxc3 21. Qxe6+ Qf7 22.
Qxf7+ Rxf7 23. Bxc3 Bxc3 24. bxc3 Rxf5 25. Nd2 Bxg2 26. Kxg2 Rd8 27. Rxf5 gxf5
28. d4 cxd4 29. cxd4 Rxd4 30. Nf3 Ra4 31. Ne5 b5 32. Rf1 Rxa3 33. Rxf5 b4 34.
Rf6 b3 35. Nd3 Nc4 36. Rxh6 b2 37. Nxb2 Nxb2 38. Kf2 a5 39. Ke2 a4 40. Kd2 Rf3
41. Ra6 a3 42. Kc2 Kf7 43. g4 Rh3 44. g5 Rxh2+ 45. Kb3 Rh3+ 46. Ka2 Nc4 47. Rc6
Rh2+ 48. Kb1 Rb2+ 49. Ka1 Na5 50. Rc7+ Kg6 51. Rc3 Kh5 0-1

[Event "Campeonato Brasileiro Amador 2015"]
[Site "Esporte Clube Pinheiros, São "]
[Date "2015.05.02"]
[Round "4.34"]
[White "Lisboa Torres, Eduardo"]
[Black "Auriemo, Danielle Ferreira"]
[Result "1-0"]
[WhiteElo "1941"]
[BlackElo "1643"]
[PlyCount "61"]
[EventDate "2015.04.30"]

1. d4 d5 2. c4 c6 3. cxd5 cxd5 4. Nc3 Nf6 5. Bf4 a6 6. e3 e6 7. a3 Nc6 8. b4
Bd7 9. Nf3 Be7 10. Bd3 O-O 11. O-O Nh5 12. Be5 f6 13. Ng5 g6 14. Nxh7 Nxe5 15.
dxe5 f5 16. g4 Ng7 17. gxf5 Nxf5 18. Nf6+ Bxf6 19. exf6 Qxf6 20. Bxf5 Qxf5 21.
Qd4 Qf6 22. Qxf6 Rxf6 23. f4 Rc8 24. Rac1 Rf7 25. Ne2 Rxc1 26. Rxc1 Bb5 27.
Rc8+ Rf8 28. Rxf8+ Kxf8 29. Nd4 Kf7 30. Kf2 Kf6 31. Nf3 1-0

[Event "Campeonato Brasileiro Amador 2015"]
[Site "Esporte Clube Pinheiros, São P"]
[Date "2015.05.02"]
[Round "4.35"]
[White "Nunes, Agatha Hurba"]
[Black "Maia, Jonathan Cesar"]
[Result "0-1"]
[WhiteElo "1765"]
[BlackElo "1940"]
[PlyCount "116"]
[EventDate "2015.04.30"]

1. d4 d5 2. Nf3 Nf6 3. c4 e6 4. Bf4 Be7 5. Nc3 O-O 6. e3 Nh5 7. Bg3 Nd7 8. cxd5
Nb6 9. dxe6 Bxe6 10. Bd3 Nxg3 11. hxg3 h6 12. Ne5 Nd5 13. Ng4 c5 14. Nxh6+ gxh6
15. Nxd5 Qxd5 16. Rxh6 cxd4 17. Rh5 Qxg2 18. Rh8+ Kg7 19. Rh7+ Kf6 20. Qh5 Bb4+
21. Ke2 Ke7 22. Qh4+ Ke8 23. Qxd4 a5 24. a3 Rd8 25. Bb5+ Bd7 26. Qe5+ Be7 27.
e4 Bxb5+ 28. Qxb5+ Rd7 29. Qe5 Rd6 30. Qb5+ Rc6 31. Qa4 b5 32. Qxb5 Qxe4+ 33.
Kf1 Qc4+ 34. Qxc4 Rxc4 35. Rh5 Bc5 36. Rd1 Ke7 37. Rdd5 Rc8 38. Rhe5+ Kf8 39.
Rh5 Rc6 40. Rd7 Ke8 41. Rb7 Kf8 42. Rf5 f6 43. Rh5 Kg8 44. Rd5 Rd4 45. Rh5 Rd2
46. Rf5 Bd4 47. Ke1 Rcc2 48. Rd7 Bxf2+ 49. Rxf2 Rxf2 50. b4 axb4 51. axb4 Rg2
52. Kf1 Rxg3 53. b5 Rb3 54. Rd1 Rxb5 55. Ke1 Kf7 56. Ra1 Rh5 57. Ra7+ Kg6 58.
Kd1 Rg2 0-1

[Event "Campeonato Brasileiro Amador 2015"]
[Site "Esporte Clube Pinheiros, São P"]
[Date "2015.05.02"]
[Round "4.36"]
[White "Fernandes, Jose Francisco"]
[Black "Herbst Neto, Eugenio"]
[Result "0-1"]
[WhiteElo "1694"]
[BlackElo "1938"]
[PlyCount "150"]
[EventDate "2015.04.30"]

1. e4 c5 2. Nf3 a6 3. Be2 Nc6 4. O-O d6 5. c3 Nf6 6. d3 g6 7. Re1 Bg7 8. Bd2
Qc7 9. Qc1 b5 10. Bh6 O-O 11. Bxg7 Kxg7 12. Nbd2 Qb6 13. a3 e5 14. b4 Bb7 15.
h3 Rac8 16. Qb2 Rfe8 17. Bf1 Nh5 18. c4 Nd4 19. Nxd4 cxd4 20. a4 Bc6 21. axb5
axb5 22. Ra5 Rb8 23. Rb1 Nf4 24. g3 Ne6 25. cxb5 Bxb5 26. Qa2 Nc7 27. Nc4 Qc6
28. Na3 Rec8 29. Rb2 Rb7 30. Rc2 Qd7 31. h4 Rcb8 32. Kh2 f5 33. Nxb5 Nxb5 34.
Rb2 fxe4 35. Qa4 Nc3 36. Qxd7+ Rxd7 37. dxe4 Nxe4 38. b5 Nc5 39. b6 d3 40. Ra7
Rbb7 41. Ra6 e4 42. Bh3 Rd8 43. Ra1 Kf6 44. Bg2 Ke5 45. f3 Rdb8 46. Rab1 Rf8
47. fxe4 Nxe4 48. Re1 d5 49. Rd1 Rf2 50. Rb4 d2 51. Kg1 Re2 52. Bf3 Re1+ 53.
Kg2 Rxd1 54. Bxd1 Nc3 55. Bc2 d1=Q 56. Bxd1 Nxd1 57. Kf3 Nc3 58. Ke3 Ne4 59. g4
Nd6 60. Kd3 Nc4 61. h5 Rxb6 62. Rxb6 Nxb6 63. hxg6 hxg6 64. Ke3 g5 65. Kf3 d4
66. Ke2 Ke4 67. Kd2 Nc4+ 68. Ke2 d3+ 69. Kd1 Ke3 70. Kc1 Ke2 71. Kb1 d2 72. Kc2
d1=Q+ 73. Kc3 Qd5 74. Kc2 Qd3+ 75. Kc1 Qc3+ 0-1

[Event "Campeonato Brasileiro Amador 2015"]
[Site "Esporte Clube Pinheiros, São P"]
[Date "2015.05.02"]
[Round "4.39"]
[White "Dias, Matheus Nunes"]
[Black "Silva, Igor Dos Santos"]
[Result "1-0"]
[WhiteElo "1638"]
[BlackElo "1912"]
[PlyCount "85"]
[EventDate "2015.04.30"]

1. d4 b6 2. c4 Bb7 3. Nc3 e6 4. e4 Bb4 5. Qc2 f5 6. exf5 Nf6 7. fxe6 O-O 8. f3
Re8 9. Bd3 Nc6 10. Nge2 dxe6 11. Be3 e5 12. d5 Nd4 13. Qd2 c6 14. dxc6 Bxc6 15.
O-O Nxe2+ 16. Qxe2 Bxc3 17. bxc3 e4 18. fxe4 Nxe4 19. Qc2 Re6 20. Rf4 Qe7 21.
Bd4 g5 22. Rf5 Nd6 23. Rf2 Be4 24. Raf1 Rd8 25. Bf6 Rxf6 26. Rxf6 Bxd3 27. Qxd3
Ne4 28. Qe3 Qc5 29. Qxc5 bxc5 30. Ra6 Rd7 31. Ra3 Kg7 32. h3 Kg6 33. Rf8 Kh5
34. Kh2 Kh4 35. Ra6 h5 36. Re8 Ng3 37. Re1 Rb7 38. Rd6 Rb2 39. Ra6 Rb7 40. a4
Rf7 41. a5 Nf1+ 42. Rxf1 Rxf1 43. g3# 1-0

[Event "Campeonato Brasileiro Amador 2015"]
[Site "Esporte Clube Pinheiros, São P"]
[Date "2015.05.02"]
[Round "4.41"]
[White "Silvestre, Gilmar Severino"]
[Black "Ikejiri, Daniel Yoshito"]
[Result "0-1"]
[WhiteElo "1635"]
[BlackElo "1881"]
[PlyCount "86"]
[EventDate "2015.04.30"]

1. d4 Nf6 2. Nf3 e6 3. Bg5 Be7 4. e3 O-O 5. Bd3 c5 6. c3 cxd4 7. cxd4 b6 8.
Bxf6 Bxf6 9. Qc2 h6 10. Be4 Nc6 11. Bxc6 dxc6 12. Qxc6 Ba6 13. Qa4 Qc8 14. Nc3
Rd8 15. Rc1 Qb7 16. b4 Bd3 17. Qd1 Bc4 18. a4 Rac8 19. b5 e5 20. d5 e4 21. Nxe4
Be7 22. Rb1 Rxd5 23. Qc2 Ba3 24. Nd4 Rxd4 25. exd4 Bd5 26. Nc3 Qc7 27. O-O Qxc3
28. Qxc3 Rxc3 29. Rfe1 Rc8 30. Re3 Bd6 31. Rbe1 Kf8 32. Ra1 g6 33. g4 Rc4 34.
Rd3 Be4 35. Re3 Rxd4 36. Rae1 Bd5 37. Re8+ Kg7 38. h3 Bc5 39. R8e5 Bf3 40. R5e3
Bb7 41. Ra1 Rd2 42. Re8 Rxf2 43. Rc1 Rc2+ 0-1

[Event "Campeonato Brasileiro Amador 2015"]
[Site "Esporte Clube Pinheiros, São P"]
[Date "2015.05.02"]
[Round "4.42"]
[White "Ueti, Silvio Shigueo"]
[Black "Silva, Rodrigo Ferreira"]
[Result "1/2-1/2"]
[WhiteElo "2075"]
[BlackElo "1801"]
[PlyCount "124"]
[EventDate "2015.04.30"]

1. c4 Nf6 2. g3 g6 3. Bg2 Bg7 4. Nc3 d6 5. e4 Nc6 6. Nge2 O-O 7. O-O Ne8 8. d3
f5 9. Be3 Nf6 10. h3 a6 11. Qd2 e5 12. f4 Be6 13. exf5 Bxf5 14. d4 exd4 15.
Nxd4 Nxd4 16. Bxd4 Qc8 17. g4 Be6 18. b3 c5 19. Be3 Qd7 20. Rad1 Rad8 21. Qc2
Qc7 22. Rd3 Bf7 23. Rfd1 Rfe8 24. Bc1 Nd7 25. Nd5 Bxd5 26. Bxd5+ Kh8 27. Bb2
Nf6 28. Bf3 Rf8 29. Re3 Rde8 30. Rde1 Rxe3 31. Rxe3 d5 32. Be5 Qe7 33. cxd5 Ne8
34. Qc3 Qh4 35. Kg2 g5 36. Qxc5 Nf6 37. f5 Qh6 38. Qe7 Re8 39. Qf7 Rf8 40. Qxb7
Kg8 41. Qxa6 Nxg4 42. Qe2 Nxe3+ 43. Qxe3 g4 44. Qxh6 gxf3+ 45. Kxf3 Bxh6 46.
Ke4 Re8 47. f6 Kf7 48. a4 Bd2 49. Kf5 Bb4 50. Bc7 Bc3 51. a5 Bxf6 52. b4 Bc3
53. b5 Bxa5 54. Bxa5 Ke7 55. Bc7 Rf8+ 56. Ke4 Kd7 57. b6 Kc8 58. h4 h5 59. Ke5
Re8+ 60. Kf6 Rg8 61. d6 Rg4 62. Bb8 Rxh4 1/2-1/2